| 000 | 00467nam a2200157 a 4500 | ||
|---|---|---|---|
| 001 | 000030734 | ||
| 005 | 20200930062458.0 | ||
| 008 | 110526s1972 dr 000 0 spa d | ||
| 040 |
_aDO-SdBNP _bspa _cBNPHU |
||
| 082 |
_axxx _bS684m |
||
| 100 | 1 |
_aSolano, Alejandro _956913 |
|
| 245 | 1 | 0 |
_aMientras la tarde incendia las nubes de verano / _cAlejandro Solano. |
| 260 |
_aSanto Domingo : _bImpresora Arte y Cine, _c1972. |
||
| 300 |
_a110 p. : ; _c22 cm. |
||
| 049 | _aBNPD | ||
| 999 |
_c30226 _d30226 |
||